MDQL
is popping MORE tags! Check the
thread
!
Quizzes
Events
Quiz Creation
Community
Videos
Private Events
Remove Ads
Sign In
Join for FREE
Feedback
Dark Mode
Quiz Categories
Sports
Geography
Music
Movies
Television
Just For Fun
Miscellaneous
History
Literature
Language
Science
Gaming
Entertainment
Religion
Holiday
For Kids
Quiz Lab
Recent
Popular Today
Quiz Kudos Today
Editor Picks
Curator Picks
Quizzes by...
Day
Popularity
Type
Ratings
Length
Year
Community
Subscriptions
Recent Discussions
Orange Saloon
Badges
Playlists
Quests
Create
Leaderboards
Showdown
Live 5
Trivia Bingo
Activity
Puzzle Library
Sporcle Events
Private Events
Virtual Trivia
Globe League
Become a Host
Pub Owners
SporcleCon
Opinionation
Our Games
Videos
Blog
Mobile Apps
Partnerships
Remove Ads and Go Orange
Feedback
Sports
Athletes
MLB
NBA
NHL
NFL
Soccer
Sports Teams
WWE
NCAA
Football
Premier League
Basketball
Baseball
Hockey
Golf
Tennis
Cricket
Rugby
Auto Racing
Olympics
World Cup
Sports
Athletes
MLB
NBA
NHL
NFL
Soccer
Sports Teams
WWE
NCAA
Football
Premier League
Basketball
Baseball
Hockey
Golf
Tennis
Cricket
Rugby
Auto Racing
Olympics
World Cup
Random Quiz
Search Sporcle
×
Quiz Lab
Quiz Lab
Sports
College
Type in answers that appear in a list
Type in answers that appear in a list
Classic
Best Score? Go Orange.
NBA Top 5 Scorers by College (1989-) Stats
Can you name the top 5 NBA scorers from each school since the 1989-90 season?
By
Feely
20m
300 Questions
502 Plays
502 Plays
502 Plays
Comments
Comments
Give Quiz Kudos
Give Quiz Kudos
-
- Ratings
hide this ad
More Info
Replay
Link that replays current quiz
Next Quiz
Link to next quiz in quiz playlist
You Got
0%
They Got
Avg Score
60%
Avg Friend Score
Upgrade to see
Score Distribution
Jump to the score distribution portion of the page
Score
0/300
Timer
20:00
0
Plays Today
School
Player
% Correct
North Carolina
Michael Jordan
96.2%
Arkansas
Joe Johnson
96.2%
Illinois
Deron Williams
95.6%
Colorado
Chauncey Billups
95.5%
UNLV
Larry Johnson
94.8%
California
Kevin Johnson
94.8%
Syracuse
Carmelo Anthony
94.6%
Michigan
Chris Webber
94.2%
Alabama
Mo Williams
94.2%
Wake Forest
Tim Duncan
94%
Michigan State
Steve Smith
93.4%
Maryland
Joe Smith
93.4%
UCLA
Reggie Miller
93.2%
Memphis
Derrick Rose
93.2%
North Carolina
Vince Carter
93%
Florida
Mike Miller
93%
Michigan
Jalen Rose
92.8%
Connecticut
Ray Allen
92.8%
Utah
Andre Miller
92.8%
Georgetown
Allen Iverson
92.2%
Duke
Grant Hill
91.8%
Georgia Tech
Jarrett Jack
91.7%
Kansas
Paul Pierce
91.4%
Minnesota
Bobby Jackson
90.8%
LSU
Shaquille O'Neal
90.8%
UCLA
Baron Davis
90.6%
Xavier
David West
90.4%
Boston College
Reggie Jackson
90.2%
Georgetown
Patrick Ewing
90%
Clemson
Dale Davis
90%
Oklahoma State
Tony Allen
90%
Illinois
Eddie Johnson
89.8%
Xavier
Aaron Williams
89.8%
Michigan
Juwan Howard
89.4%
Florida
Bradley Beal
89.4%
Providence
Eric Williams
89.4%
Villanova
Doug West
89.4%
Auburn
Charles Barkley
89.4%
Texas
Kevin Durant
89.2%
Kentucky
Antoine Walker
89%
Xavier
Tyrone Hill
89%
Ohio State
Jim Jackson
89%
Villanova
Tim Thomas
88.8%
Wake Forest
Chris Paul
88.4%
Indiana
Isiah Thomas
88.4%
Washington
Isaiah Thomas
88.4%
North Carolina
Rasheed Wallace
88.2%
Alabama
Gerald Wallace
88.2%
Maryland
Walt Williams
88.2%
Maryland
Buck Williams
88.2%
Baylor
Micheal Williams
88.2%
Marquette
Dwyane Wade
88.2%
Georgetown
Jeff Green
87.9%
Iowa
Ricky Davis
87.8%
California
Jason Kidd
87.1%
Temple
Eddie Jones
86.9%
Connecticut
Clifford Robinson
86.7%
Duke
Elton Brand
86.5%
Washington
Nate Robinson
86.3%
Houston
Hakeem Olajuwon
86.3%
North Carolina
Antawn Jamison
86.1%
Cincinnati
Kenyon Martin
85.7%
Temple
Marc Jackson
85.7%
Stanford
Robin Lopez
85.5%
Oregon
Fred Jones
85.5%
Connecticut
Richard Hamilton
85.3%
California
Jaylen Brown
85.3%
Florida
Al Horford
85.1%
Wake Forest
Josh Howard
85.1%
St. John's
Mark Jackson
85.1%
Baylor
Taurean Prince
85.1%
Memphis
Anfernee Hardaway
84.5%
Georgia Tech
Chris Bosh
83.9%
DePaul
Quentin Richardson
83.9%
Oklahoma
Blake Griffin
83.9%
LSU
Mahmoud Abdul-Rauf
83.9%
Michigan State
Jason Richardson
83.7%
Georgetown
Alonzo Mourning
83.5%
UCLA
Russell Westbrook
83.5%
Georgia Tech
Kenny Anderson
82.9%
Michigan
Glen Rice
82.7%
Kentucky
DeMarcus Cousins
81.7%
Houston
Clyde Drexler
81.5%
UCLA
Kevin Love
80.8%
Arizona
Mike Bibby
80.7%
Stanford
Brook Lopez
80.5%
UNLV
Shawn Marion
79.9%
Houston
Damon Jones
79.9%
North Carolina
Jerry Stackhouse
79.7%
Arizona
Richard Jefferson
79.3%
Georgia Tech
Stephon Marbury
79.3%
Illinois
Nick Anderson
79.1%
Georgia
Shandon Anderson
79.1%
Georgia
Willie Anderson
79.1%
Houston
Greg Anderson
79.1%
Fresno State
Ron Anderson
79.1%
St. John's
Chris Mullin
78.7%
Arizona
Jason Terry
78.3%
Michigan State
Zach Randolph
77.7%
Georgia Tech
Thaddeus Young
77.6%
School
Player
% Correct
NC State
Spud Webb
77.5%
Xavier
Brian Grant
77.3%
Clemson
Horace Grant
77.1%
Marquette
Jimmy Butler
75.9%
Oklahoma
Trae Young
75.9%
Indiana
Eric Gordon
75.9%
Arizona State
James Harden
75.9%
USC
Nick Young
75.3%
Michigan
Jamal Crawford
74.9%
Duke
Carlos Boozer
74.9%
Fresno State
Paul George
74.7%
Georgetown
Dikembe Mutombo
74.7%
St. John's
Ron Artest
74.5%
Alabama
Latrell Sprewell
73.7%
Connecticut
Kemba Walker
73.5%
Georgia
Dominique Wilkins
73.3%
Florida State
Sam Cassell
73.3%
Washington
Brandon Roy
73.3%
Tennessee
Dale Ellis
72.8%
St. John's
Maurice Harkless
72.5%
Texas
LaMarcus Aldridge
72.5%
Notre Dame
LaPhonso Ellis
72.1%
Iowa
Reggie Evans
71.6%
Duke
Kyrie Irving
71.5%
Marquette
Jae Crowder
71.1%
Syracuse
Derrick Coleman
70.9%
Florida
David Lee
70.9%
Utah
Keith Van Horn
70.7%
Tennessee
Allan Houston
70.7%
Connecticut
Rudy Gay
70.6%
Gonzaga
John Stockton
70.6%
Maryland
Steve Francis
70.3%
Duke
Luol Deng
70.3%
Colorado
Derrick White
70.1%
Tennessee
Tobias Harris
69.8%
Kentucky
Devin Booker
69.7%
Louisville
Terry Rozier
69.5%
Missouri
Jordan Clarkson
69.5%
Cincinnati
Nick Van Exel
68.5%
Arizona
Damon Stoudamire
68.1%
Arizona
Andre Iguodala
67.7%
Ohio State
Mike Conley
67.3%
California
Shareef Abdur-Rahim
66.9%
USC
O.J. Mayo
66.7%
Kansas
Joel Embiid
66.5%
Memphis
Tyreke Evans
66.5%
Arizona State
Byron Scott
66.3%
Kentucky
John Wall
66.1%
Kansas
Danny Manning
66.1%
Notre Dame
Troy Murphy
66.1%
Colorado
Jay Humphries
65.7%
Alabama
Antonio McDyess
65.5%
Texas
Myles Turner
64.9%
USC
DeMar DeRozan
64.1%
Ohio State
Michael Redd
63.9%
Utah
Andrew Bogut
63.9%
Villanova
Kyle Lowry
63.5%
Michigan State
Morris Peterson
61.8%
Arkansas
Corliss Williamson
61.4%
Tennessee
Josh Richardson
61.2%
Auburn
Chris Morris
61%
Georgia
Kentavious Caldwell-Pope
60.5%
UNLV
Stacey Augmon
60.2%
Kansas
Andrew Wiggins
59%
Texas
Avery Bradley
59%
Villanova
Kerry Kittles
58.8%
Memphis
Lorenzen Wright
58.4%
Kansas
Marcus Morris
58.2%
Texas
D.J. Augustin
58.2%
Oklahoma State
Desmond Mason
58%
DePaul
Wilson Chandler
57.1%
Villanova
Randy Foye
57%
Iowa State
Jeff Hornacek
56%
DePaul
Rod Strickland
55.8%
Virginia
Malcolm Brogdon
55.8%
Iowa State
Jamaal Tinsley
54.6%
UCLA
Jrue Holiday
54.5%
Illinois
Kendall Gill
54.2%
Washington
Detlef Schrempf
54.2%
Ohio State
Evan Turner
54.1%
Oregon
Aaron Brooks
53.6%
Iowa
B.J. Armstrong
53.2%
Minnesota
Kris Humphries
52.8%
NC State
Tom Gugliotta
52.6%
Oklahoma State
John Starks
52.4%
Missouri
DeMarre Carroll
52.1%
Stanford
Brevin Knight
52%
Boston College
Jared Dudley
51.6%
USC
Nikola Vucevic
51.3%
Syracuse
Sherman Douglas
50.6%
Maryland
Steve Blake
50.2%
Kentucky
Anthony Davis
50%
LSU
Marcus Thornton
50%
Oregon
Luke Ridnour
49.8%
Stanford
Josh Childress
49.2%
Minnesota
Kevin McHale
49%
Auburn
Wesley Person
47.2%
Iowa State
Monte Morris
47.2%
Gonzaga
Kelly Olynyk
47.1%
Gonzaga
Rui Hachimura
47.1%
School
Player
% Correct
Auburn
Chuck Person
47%
Clemson
Elden Campbell
47%
Virginia
Mike Scott
46.8%
Florida State
Charlie Ward
46.6%
Illinois
Derek Harper
46.4%
Michigan State
Kevin Willis
45.6%
LSU
Ben Simmons
45.6%
Indiana
Victor Oladipo
45.6%
Florida State
Malik Beasley
45.4%
Ohio State
D'Angelo Russell
44.8%
Oregon
Terrell Brandon
44.8%
Arizona State
Eddie House
44.8%
Wake Forest
Jeff Teague
44.6%
Oklahoma
Mookie Blaylock
44.4%
California
Lamond Murray
44.2%
Washington
Terrence Ross
43.4%
Indiana
Alan Henderson
43.2%
UNLV
Isaiah Rider
42.8%
Temple
Aaron McKie
42.6%
LSU
Brandon Bass
42.4%
Florida
Vernon Maxwell
42.2%
NC State
J.J. Hickson
42%
Cincinnati
Ruben Patterson
41.8%
Providence
Ryan Gomes
40.8%
Louisville
Gorgui Dieng
40.8%
Baylor
David Wesley
40.6%
Arkansas
Bobby Portis
40.4%
Xavier
James Posey
40.4%
DePaul
Terry Cummings
40%
Florida State
Bob Sura
39.4%
Providence
Otis Thorpe
39.2%
Providence
Austin Croshere
39%
Missouri
Anthony Peeler
39%
Louisville
Pervis Ellison
38.8%
Fresno State
Tyler Johnson
38.6%
Wake Forest
Rodney Rogers
38.2%
Auburn
Marquis Daniels
38.2%
Boston College
Michael Adams
38%
Oklahoma State
Marcus Smart
37.6%
Colorado
Spencer Dinwiddie
37.3%
Syracuse
Rony Seikaly
37.3%
Marquette
Wesley Matthews
37.1%
Oklahoma State
Bryant Reeves
36.3%
Oklahoma
Wayman Tisdale
36.1%
Gonzaga
Domantas Sabonis
35.3%
Marquette
Doc Rivers
35.3%
Indiana
Calbert Cheaney
34.9%
Cincinnati
Lance Stephenson
34.7%
Colorado
Alec Burks
34.3%
Utah
Kyle Kuzma
34.3%
Boston College
Dana Barros
33.5%
Cincinnati
Danny Fortson
33.3%
Fresno State
Rafer Alston
33.3%
Minnesota
Voshon Lenard
32.3%
USC
Taj Gibson
32.3%
Tennessee
C.J. Watson
32.2%
Syracuse
Jerami Grant
31.7%
Notre Dame
Bill Laimbeer
31.5%
Alabama
Derrick McKey
31.1%
Utah
Tom Chambers
30.9%
Arkansas
Todd Day
30.1%
NC State
Vinny Del Negro
29.7%
UNLV
Armen Gilliam
29.5%
Virginia
Joe Harris
29.5%
Gonzaga
Brandon Clarke
29.4%
Clemson
Larry Nance
28.7%
Oklahoma
Buddy Hield
28.3%
Missouri
Keyon Dooling
28.1%
Notre Dame
Pat Garrity
27.3%
Iowa State
Tyrese Haliburton
26.5%
Virginia
Olden Polynice
26.3%
Arizona State
Luguentz Dort
24.7%
Boston College
Howard Eisley
24.5%
Missouri
Linas Kleiza
24.1%
Virginia
Bryant Stith
23.5%
St. John's
Malik Sealy
23.1%
Louisville
Donovan Mitchell
23.1%
Baylor
Royce O'Neale
21.1%
NC State
T.J. Warren
20.9%
Houston
Bo Outlaw
19.5%
Louisville
Montrezl Harrell
18.9%
DePaul
Tyrone Corbin
18.5%
Florida State
George McCloud
17.1%
Notre Dame
Orlando Woolridge
16.5%
Clemson
Chris Whitney
16.1%
Memphis
Will Barton
14.3%
Temple
Tim Perry
14.3%
Providence
Eric Murdock
13.5%
Oregon
Dillon Brooks
13.3%
Arizona State
Isaac Austin
13.3%
Iowa
Kevin Gamble
13.1%
Arkansas
Patrick Beverley
12.4%
Stanford
Dwight Powell
12.2%
Minnesota
Willie Burton
11.8%
Georgia
Anthony Edwards
10%
Iowa
Matt Bullard
9.8%
Temple
Duane Causwell
8%
Iowa State
Jeff Grayer
7.2%
Baylor
Terry Teagle
2.4%
Fresno State
Rod Higgins
2.4%
Quiz Playlist
Details
Report
Send in Message
Add To Playlist
More Info:
Schools listed in descending order by #5 scorer. Only first 60 schools in descending order by #5 scorer are listed.
Classic:
Type in answers that appear in a list
Quiz Source
Last Updated: Apr 19, 2018
Quiz Scoreboard
CHALLENGE
Sign Up to Join the Scoreboard
Show All
Scores
Hide
Comments
May contain spoilers
Recently Published
1-10 Letter E Words III
by El_Dandy
Language
2m
Street Fighter Characters
by Artimus82
Gaming
60s
College Basketball Coaching Resumes
by pancakes188
Sports
9m
More to Explore
Quiz From the Vault
Featured Blog Post
Where Did the Easter Bunny Come From?
hide this ad
You Might Also Like...
Tags
Basketball Quiz
College Quiz
NBA Quiz
Player
pts
school
Scorer
season
Today's Top Quizzes in Sports
Browse Sports
hide this ad
Today's Top Quizzes in College
Browse College
Top Contributed Quizzes in Sports
1
2022 World Cup Stars
2
Les meilleurs buteurs des matchs entre le PSG et l’OM
3
FIFA Club World Cup Champions
4
Les entraîneurs de l'OM et du PSG au 21e siècle
5
Criteria MLB: Left Handed Sluggers
6
2023 MLB Unique Player Accomplishments
7
AFC Teams Reveal (Wrong Answers Minefield)
8
Players with Multiple 50 Home Run Seasons
9
5-to-1: FBS Animal Nicknames
10
5-to-1: UK Sports Teams
Explore More
Trending Topics
Disney
Crossword
NBA
Harry Potter
Marvel
Anime
Kpop
Soccer
Pokémon
Song
NFL
The Office
Country
Puzzle
WWE
hide this ad
More By:
Feely
Quiz
Plays
Rating
Category
Featured
Created
NBA Top 200 Scorers (2000s)
552,271
4.62
Sports
Oct 3, 2010
NCAA Tournament #1 Seeds
550,151
4.69
Sports
Oct 12, 2009
NBA Opening Day Alma Maters (2010)
136,764
4.39
Sports
Oct 29, 2010
NBA Top 200 Scorers (2015-16)
128,124
4.72
Sports
Apr 14, 2016
NBA Draft Lottery Picks
127,742
4.47
Sports
Jan 13, 2012
Go to Creator's Profile
Score Distribution
Quiz Creator Spotlight
Feely
Follow
Send a Message
Quizzes Created
-
Created Quiz Play Count
-
More By This Creator
Popular Quizzes Today
1
Find the US States - No Outlines Minefield
2
Find the Countries of Europe - No Outlines Minefield
3
The Countries of the World
4
Find the US States
5
Risky Map Clicking: Biggest States A-Z
6
US States
7
Popular People in 1961
8
Movies - When Are They Set?
More Sports Quizzes
Alphabetical NFL Logos Minefield
Published
Trending Quizzes
Risky Map Clicking: Least Populous States A-Z
1-10 Letter G Words
USA Borders Longest to Shortest
1-10 Letter F Words
Countries of the World: 200 Million BC
Recently Updated
Leaping Animals
pecheneg
Reality TV Shows (A-Z)
bhenderson79
Rickey Henderson's Hall of Fame Teammates
pecheneg
Champions League XIs: Arsenal
pecheneg
Quick Pick: Celebrities in WWE's Hall of Fame
aduchscher
A-Z Keypad Blitz II
pecheneg
Multiple Oscar Actors
pecheneg
Mystery Phrase Blitz: Oscar 'Best Actors'
pecheneg
F. Scott Fitzgerald Novels
LTH
Pick 3 Villains
ddd62291
Trending Topics
Kpop
NBA
Crossword
Harry Potter
Disney
Anime
Marvel
The Office
Pokémon
Soccer
NFL
Puzzle
Country
Song
WWE
Your Account Isn't Verified!
In order to create a playlist on Sporcle, you need to verify the email address you used during registration. Go to your
Sporcle Settings
to finish the process.
Report this User
Report this user for behavior that violates our
Community Guidelines
.
Details:
Send Report
Go to the Sporcle.com Mobile Site →
Comments